Länder Europas in alphabetischer Reihenfolge mit Karte - Statistiken

Allgemein
  • Dieses Quiz wurde 1.195 mal gespielt
    1.127 seit der letzten Aktualisierung
  • Das Durchschnittsergebnis liegt bei 26 aus 45
Antworten auf der Karte
Die Antworten werden auf der Karte rot bzw. grün angezeigt, abhängig davon wie oft sie richtig erraten wurden.
 
Antwortstatistiken
Country % Korrekt
Albanien
99%
Andorra
94%
Belgien
85%
Belarus
79%
Bosnien und Herzegowina
79%
Deutschland
79%
Dänemark
78%
Estland
77%
Frankreich
77%
Bulgarien
76%
Finnland
76%
Griechenland
72%
Irland
71%
Island
70%
Italien
67%
Lettland
65%
Kroatien
63%
Liechtenstein
63%
Litauen
63%
Kosovo
61%
Luxemburg
61%
Malta
56%
Monaco
55%
Moldawien
54%
Montenegro
53%
Niederlande
53%
Norwegen
51%
Nordmazedonien
50%
Polen
48%
Portugal
48%
Österreich
46%
Rumänien
44%
Russland
43%
Vatikanstadt
42%
Vereinigtes Königreich
42%
Schweden
41%
Schweiz
41%
San Marino
40%
Serbien
40%
Slowakei
40%
Slowenien
40%
Spanien
40%
Ukraine
38%
Tschechien
37%
Ungarn
37%
Keine übereinstimmenden Quizze gefunden
Verteilung der Resultate
Anzahl Personen mit jedem Resultat
Perzentil nach korrekt beantworteten Fragen
Ihre Resultats-Entwicklung
Sie haben dieses Quiz seit der letzten Aktualisierung nicht gespielt